| 000 | 00931nam a22002777a 4500 | ||
|---|---|---|---|
| 005 | 20141110151657.0 | ||
| 008 | 141110t2014 xxua frbd 001 0 eng d | ||
| 020 | _a9781259060335 | ||
| 020 | _a1259060330 | ||
| 040 | _aEG-ScBUE | ||
| 082 | 0 | 0 |
_222 _a658.4038011 _bBAL |
| 100 | 1 |
_aBaltzan, Paige _936484 |
|
| 245 | 1 | 0 |
_aBusiness driven information systems / _cPaige Baltzan. |
| 250 |
_a4th ed., _bMcGraw-Hill international ed. |
||
| 260 |
_aNew York, United States : _bMcGraw-Hill, _cc.2014. |
||
| 300 |
_a[Various pagings] : _bill. (col.) ; _c28 cm. |
||
| 500 | _aIncludes appendixes. | ||
| 500 | _aIncludes glossary. | ||
| 500 | _aIncludes index. | ||
| 504 | _aIncludes bibliographical references. | ||
| 650 | 0 |
_aInformation technology _xManagement _912426 |
|
| 650 | 0 |
_aIndustrial management _xData processing _936485 |
|
| 653 |
_bBUSADM _cNovember2014 |
||
| 655 |
_vreading book _934232 |
||
| 942 |
_2ddc _k658.4038011 BAL |
||
| 999 |
_c18592 _d18564 |
||